| 000 | 00560nam a2200229 a 4500 | ||
|---|---|---|---|
| 001 | nice12345678 | ||
| 003 | IN_TiNIC | ||
| 005 | 20260116011305.0 | ||
| 008 | 050524s1920 laha grp 000 0 urd | ||
| 020 |
_a _c0 |
||
| 082 | 0 | 0 |
_a297.4 _bGIL |
| 100 | _aGilani, Mohd Ghayas Noor Ba | ||
| 245 | _aBoostan-E-Israar | ||
| 260 |
_aLahore _bAllah Waaley Ki Qawmi Dukaan _c1920 |
||
| 300 | _a336p | ||
| 500 | _aincludes index and biblioraphy | ||
| 505 | 2 | _a4 Volume Bound in One Book | |
| 650 | _aSufism | ||
| 902 | _bRBA | ||
| 942 | _cBK | ||
| 999 |
_c206 _d206 |
||